LIBRARY ONLINE CATALOGUE

Farm animals. (Record no. 14253)

MARC details
000 -LEADER
fixed length control field 00403nam a22001572 4500
001 - CONTROL NUMBER
control field 0000005685
005 - DATE AND TIME OF LATEST TRANSACTION
control field 20151217160111.0
008 - FIXED-LENGTH DATA ELEMENTS--GENERAL INFORMATION
fixed length control field 070620s xx 000 0 eng d
040 ## - CATALOGING SOURCE
Original cataloging agency KABU
Transcribing agency KABU
050 #0 - LIBRARY OF CONGRESS CALL NUMBER
Classification number SF75.5
Item number .F37
245 10 - TITLE STATEMENT
Title Farm animals.
260 ## - PUBLICATION, DISTRIBUTION, ETC. (IMPRINT)
Place of publication, distribution, etc. [New York] :
Name of publisher, distributor, etc. Macmillan,
Date of publication, distribution, etc. [19?]
300 ## - PHYSICAL DESCRIPTION
Extent 21 p.
908 ## - PUT COMMAND PARAMETER (RLIN)
Put command parameter 070620
Holdings
Withdrawn status Lost status Source of classification or shelving scheme Not for loan Home library Current library Date acquired Total Checkouts Full call number Barcode Date last seen Price effective from Koha item type
    Library of Congress Classification   Kabarak, Main Campus Kabarak, Main Campus 17/12/2015   SF75.5 .F37 002094 17/12/2015 17/12/2015 Children Collection